[Event "AUTO-INT-247"]
[Site "http://www.queenalice.com/game.php?id=130570"]
[Date "2006.11.17"]
[Round "1"]
[White "Pegasus"]
[Black "Anderson_Aguiar"]
[Result "1-0"]
[WhiteElo "1648"]
[BlackElo "1523"]

1. d4 e6 2. c4 Nf6 3. Nc3 Ng4 4. h3 Nh6 5. Bxh6 gxh6 6. e4 Rg8 7. Nf3 b6 8. d5
Bb7 9. dxe6 dxe6 10. Qc2 Bc5 11. Rd1 Nd7 12. Ne5 Qf6 13. Nxd7 Qf4 14. Nxc5 bxc5
15. Be2 Rxg2 16. f3 Rd8 17. Rxd8+ Kxd8 18. Qd3+ Kc8 19. Kd1 Ba6 20. Rf1 h5 21.
Kc2 h4 22. b3 1-0

[Event "AUTO-INT-247"]
[Site "http://www.queenalice.com/game.php?id=130571"]
[Date "2006.11.17"]
[Round "1"]
[White "Anderson_Aguiar"]
[Black "Pegasus"]
[Result "0-1"]
[WhiteElo "1540"]
[BlackElo "1636"]

1. e3 e5 2. Bc4 d5 3. Bb3 Nf6 4. Nh3 Bxh3 5. gxh3 Bc5 6. Nc3 d4 7. Na4 Bb6 8.
Rg1 O-O 9. Qf3 Nc6 10. Qg3 dxe3 11. dxe3 g6 12. Bd2 Ne4 13. Qf3 Nxd2 14. Qg3
Nxb3 15. axb3 Qe7 16. Rd1 Rad8 17. Nc3 Ba5 18. Rd5 Rxd5 19. Ke2 Bxc3 20. bxc3
Rfd8 21. Kf1 Rd1+ 0-1

[Event "AUTO-ADV-335"]
[Site "http://www.queenalice.com/game.php?id=142846"]
[Date "2006.12.17"]
[Round "1"]
[White "Anderson_Aguiar"]
[Black "braseiko"]
[Result "0-1"]
[WhiteElo "1627"]
[BlackElo "1880"]

1. e3 d5 2. Nh3 Bxh3 3. gxh3 e5 4. d4 exd4 5. exd4 Nf6 6. Rg1 Nc6 7. c3 a6 8.
Bg2 Qd6 9. Rh1 O-O-O 10. Bg5 Re8+ 0-1

[Event "AUTO-ADV-335"]
[Site "http://www.queenalice.com/game.php?id=142859"]
[Date "2006.12.17"]
[Round "1"]
[White "adlerburg"]
[Black "Anderson_Aguiar"]
[Result "1-0"]
[WhiteElo "1632"]
[BlackElo "1673"]

1. e4 e6 2. d4 Nf6 3. e5 Nd5 4. c3 d6 5. Bc4 dxe5 6. Nf3 Be7 7. Nxe5 Bf6 8. Qh5
Bxe5 9. Qxe5 Nc6 10. Qxg7 Ke7 11. Bg5+ Nf6 12. Bxf6+ Kd7 13. Bxd8 Kxd8 14. Qxh8+
Kd7 15. Qxh7 Ke7 16. O-O 1-0

[Event "AUTO-ADV-335"]
[Site "http://www.queenalice.com/game.php?id=142860"]
[Date "2006.12.17"]
[Round "1"]
[White "Anderson_Aguiar"]
[Black "adlerburg"]
[Result "0-1"]
[WhiteElo "1715"]
[BlackElo "1612"]

1. f4 b6 2. e3 Bb7 3. Nh3 Nf6 4. Nc3 e6 5. b3 d6 6. Be2 Bxg2 7. Nf2 Bxh1 8. Nxh1
d5 9. Bf3 Ne4 10. Nxe4 dxe4 11. Bxe4 Qh4+ 12. Ng3 Qxh2 13. Bxa8 Qxg3+ 14. Kf1
Qh3+ 15. Bg2 Qf5 16. Bb2 f6 0-1

[Event "AUTO-ADV-335"]
[Site "http://www.queenalice.com/game.php?id=142869"]
[Date "2006.12.17"]
[Round "1"]
[White "Anderson_Aguiar"]
[Black "Chamnix"]
[Result "0-1"]
[WhiteElo "1855"]
[BlackElo "1973"]

1. Nf3 Nf6 2. e4 Nxe4 3. Qe2 d5 4. d3 Nf6 5. d4 Bg4 6. h3 Bh5 7. Nc3 e6 8. Qe5
Bd6 9. Qg5 O-O 10. g4 Bg6 11. Ne5 Bxc2 12. Rg1 Bxe5 13. Qxe5 Nc6 14. Qe2 Nxd4
15. Qd2 Nf3+ 16. Ke2 Nxd2 17. Kxd2 Bg6 18. Bg2 c5 19. g5 Ne4+ 20. Bxe4 dxe4+ 21.
Ke1 Bh5 22. Nxe4 Qd1# 0-1

[Event "AUTO-ADV-335"]
[Site "http://www.queenalice.com/game.php?id=142870"]
[Date "2006.12.17"]
[Round "1"]
[White "Chamnix"]
[Black "Anderson_Aguiar"]
[Result "1-0"]
[WhiteElo "2038"]
[BlackElo "1723"]

1. e4 e5 2. Nf3 d6 3. d4 Nh6 4. dxe5 dxe5 5. Qxd8+ Kxd8 6. Nxe5 Nc6 7. Nxc6+
bxc6 8. Bc4 Be6 9. Bxe6 fxe6 10. Bf4 Rb8 11. Nc3 Rxb2 12. O-O-O+ Bd6 13. Kxb2
Rf8 14. Bxh6 gxh6 15. e5 Rxf2 16. exd6 cxd6 17. Rxd6+ Kc7 18. Rxe6 Rxg2 19. Rxh6
Rg7 20. Re1 a5 21. Ree6 c5 22. Ra6 Kb7 23. Nb5 c4 24. Ra7+ 1-0

[Event "AUTO-OPEN-485"]
[Site "http://www.queenalice.com/game.php?id=143082"]
[Date "2006.12.18"]
[Round "1"]
[White "Anderson_Aguiar"]
[Black "oleonearm"]
[Result "0-1"]
[WhiteElo "1618"]
[BlackElo "1343"]

1. e4 e5 2. Nh3 Nf6 3. Nc3 d5 4. exd5 Nxd5 5. Bc4 c6 6. f3 Bxh3 7. gxh3 Nxc3 8.
dxc3 Qxd1+ 9. Kxd1 Bd6 10. Rf1 O-O 0-1

[Event "AUTO-OPEN-485"]
[Site "http://www.queenalice.com/game.php?id=143084"]
[Date "2006.12.18"]
[Round "1"]
[White "Anderson_Aguiar"]
[Black "johntelker"]
[Result "0-1"]
[WhiteElo "1820"]
[BlackElo "1725"]

1. e4 e6 2. Nh3 d5 3. d3 dxe4 4. dxe4 Qxd1+ 5. Kxd1 Nf6 6. f3 Bc5 7. Nc3 O-O 8.
Ng5 a6 9. Bf4 Bb6 10. h4 h6 11. e5 Nh5 12. Ne2 hxg5 13. hxg5 Nxf4 14. Nxf4 Bd7
15. Bc4 Bc6 16. g6 f6 17. exf6 gxf6 18. Nxe6 Bb5 19. Bxb5 axb5 20. Rh7 Re8 21.
Ng7 Re7 22. Nf5 Rxh7 0-1

[Event "AUTO-OPEN-485"]
[Site "http://www.queenalice.com/game.php?id=143085"]
[Date "2006.12.18"]
[Round "1"]
[White "johntelker"]
[Black "Anderson_Aguiar"]
[Result "1-0"]
[WhiteElo "1745"]
[BlackElo "1765"]

1. e4 e5 2. a3 Nh6 3. c3 Qf6 4. Nf3 d6 5. d3 Na6 6. Be3 c5 7. Nbd2 Nc7 8. g3 Ne6
9. b4 cxb4 10. axb4 b6 11. d4 exd4 12. Bxd4 Nxd4 13. cxd4 Bd7 14. Bg2 a5 15.
bxa5 bxa5 16. O-O Ng4 17. h3 Nh6 18. e5 dxe5 19. Nxe5 Qd6 20. Bxa8 Qxd4 21. Re1
Bxh3 22. Nc6+ Be7 23. Nxd4 Be6 24. Bc6+ Bd7 25. Bxd7+ Kxd7 26. Rxa5 1-0